Tanganyika : (Record no. 4841)
[ view plain ]
| 000 -LEADER | |
|---|---|
| fixed length control field | 00888cam a22002891a 4500 |
| 001 - CONTROL NUMBER | |
| control field | 4841 |
| 003 - CONTROL NUMBER IDENTIFIER | |
| rucl marc code | BD-RjUL |
| 005 - DATE AND TIME OF LATEST TRANSACTION | |
| control field | 20211208233950.0 |
| 008 - FIXED-LENGTH DATA ELEMENTS--GENERAL INFORMATION | |
| fixed length control field | 131223s1965 nyu b 001 0 eng |
| 035 ## - SYSTEM CONTROL NUMBER | |
| System control number | (BD-RjUL)4876 |
| System control number | (OCoLC)228405 |
| 040 ## - CATALOGING SOURCE | |
| Original cataloging agency | DLC |
| Transcribing agency | ODaWU |
| Modifying agency | OCoLC |
| -- | MoSU-L |
| -- | DLC |
| -- | BD-RjUL |
| Language of cataloging | eng |
| 041 ## - LANGUAGE CODE | |
| Language code of text/sound track or separate title | eng |
| 082 ## - DEWEY DECIMAL CLASSIFICATION NUMBER | |
| Classification number | 338.96782 |
| Author mark and year | BUT 1965 |
| 100 1# - MAIN ENTRY--PERSONAL NAME | |
| Personal name | Burke, Fred G. |
| 9 (RLIN) | 15267 |
| 245 10 - TITLE STATEMENT | |
| Title | Tanganyika : |
| Remainder of title | preplanning / |
| Statement of responsibility, etc. | [by] Fred G. Burke ; preface by Bertram M. Gross. |
| 260 ## - PUBLICATION, DISTRIBUTION, ETC. (IMPRINT) | |
| Place of publication, distribution, etc. | Syracuse, N.Y. : |
| Name of publisher, distributor, etc. | Syracuse University Press, |
| Date of publication, distribution, etc. | c1965. |
| 300 ## - PHYSICAL DESCRIPTION | |
| Pagination | xxix, 108 p. ; |
| Size | 23 cm. |
| 504 ## - BIBLIOGRAPHY, ETC. NOTE | |
| Bibliography, etc | Bibliography: p. 99-103. |
| Bibliography, etc | Includes index. |
| 651 #0 - SUBJECT ADDED ENTRY--GEOGRAPHIC NAME | |
| Geographic name | Tanzania |
| General subdivision | Economic policy. |
| 9 (RLIN) | 15269 |
| 942 ## - ADDED ENTRY ELEMENTS (KOHA) | |
| Source of classification or shelving scheme | Dewey Decimal Classification |
| Koha item type | Books |
| Lost status | Source of classification or shelving scheme | Damaged status | Not for loan | Collection code | Permanent Location | Current Location | Shelving location | Date acquired | Source of acquisition | Cost, normal purchase price | Total Checkouts | Full call number | Date last seen | Copy number | Koha item type |
|---|---|---|---|---|---|---|---|---|---|---|---|---|---|---|---|
| Dewey Decimal Classification | Not For Loan | Non-fiction | Central Library, University of Rajshahi | Central Library, University of Rajshahi | 12/11/1970 | Zeitlinger | 0.00 | 338.96782 BUT 1965 | 23/12/2013 | C-2 | Books |